Southville International School and Colleges
Your cart is empty.
  • Cart
  • Lists
    Public lists Eva Luna New books Lux_list list_1
    Your lists Log in to create your own lists
  • Log in to your account
  • Your cookies
  • Search history
Southville International School and Colleges
  • Advanced search
  • Recent comments
  • Most popular
  • Libraries

Log in to your account

Log in with GOOGLE


If you do not have an external account, but do have a local account, you can still log in:

  1. Home
  2. MARC view: Dork diaries :
Normal view MARC view ISBD view

Dork diaries : (Record no. 368680)

[ view plain ]
MARC details
000 -LEADER
fixed length control field 00915nam a22002417a 4500
003 - CONTROL NUMBER IDENTIFIER
control field 0
005 - DATE AND TIME OF LATEST TRANSACTION
control field 20251121112010.0
008 - FIXED-LENGTH DATA ELEMENTS--GENERAL INFORMATION
fixed length control field 251121b xxu||||| |||| 00| 0 eng d
020 ## - INTERNATIONAL STANDARD BOOK NUMBER
International Standard Book Number 978-0-85707-352-5
050 ## - LIBRARY OF CONGRESS CALL NUMBER
Classification number PZ 7
Item number .R915935 Dor 2011
100 ## - MAIN ENTRY--PERSONAL NAME
Personal name Russell, Rachel Renée,
Relator term author.
245 ## - TITLE STATEMENT
Title Dork diaries :
Remainder of title how to dork your diary /
Statement of responsibility, etc Rachel Renée Russell.
260 ## - PUBLICATION, DISTRIBUTION, ETC. (IMPRINT)
Place of publication, distribution, etc New York :
Name of publisher, distributor, etc Simon & Schuster,
Date of publication, distribution, etc 2011.
300 ## - PHYSICAL DESCRIPTION
Extent 184 pages :
Other physical details illustrations ;
Dimensions 20 cm.
500 ## - GENERAL NOTE
General note Diary/journal-style activity companion to the Dork Diaries series.
520 ## - SUMMARY, ETC.
Summary, etc A guided diary that invites readers to create entries, answer questions, and complete prompts based on the world of the Dork Diaries.
650 ## - SUBJECT ADDED ENTRY--TOPICAL TERM
Topical term or geographic name as entry element Diaries
Form subdivision Fiction.
650 ## - SUBJECT ADDED ENTRY--TOPICAL TERM
Topical term or geographic name as entry element Middle school students
Form subdivision Fiction.
650 ## - SUBJECT ADDED ENTRY--TOPICAL TERM
Topical term or geographic name as entry element Humorous stories.
700 ## - ADDED ENTRY--PERSONAL NAME
Personal name Russell, Nikki,
Relator term illustrator.
830 ## - SERIES ADDED ENTRY--UNIFORM TITLE
Uniform title Dork diaries.
942 ## - ADDED ENTRY ELEMENTS (KOHA)
Source of classification or shelving scheme Library of Congress Classification
Koha item type Books
Holdings
Withdrawn status Lost status Source of classification or shelving scheme Damaged status Home library Current library Shelving location Date acquired Source of acquisition Sub Shelving location Total Checkouts Full call number Barcode Date last seen Date checked out Price effective from Koha item type
    Library of Congress Classification   Luxembourg Library Luxembourg Library Fiction Section 11/19/2025 Donation   1 PZ 7 .R915935 Dor 2011 21510 11/21/2025 11/21/2025 11/21/2025 Books

Dork diaries :

APA

Russell R. R., Russell N., . (2011). Dork diaries. New York: Simon & Schuster.

Chicago

Russell Rachel Renée, Russell Nikki, . 2011. Dork diaries. New York: Simon & Schuster.

Harvard

Russell R. R., Russell N., . (2011). Dork diaries. New York: Simon & Schuster.

MLA

Russell Rachel Renée, Russell Nikki, . Dork diaries. New York: Simon & Schuster. 2011.

  • Place hold
  • Print
  • Cite
  • Add to your cart (remove)
  • Save record
    BIBTEX Dublin Core MARCXML MARC (non-Unicode/MARC-8) MARC (Unicode/UTF-8) MARC (Unicode/UTF-8, Standard) MODS (XML) RIS
  • More searches
    Search for this title in:
    Other Libraries (WorldCat) Other Databases (Google Scholar) Online Stores (Bookfinder.com) Open Library (openlibrary.org)

Exporting to Dublin Core...

SOUTHVILLE LIBRARY

Southville International School and Colleges Library

1281 Tropical Ave. Cor. Luxembourg St., BF Homes International, Las Pinas City

Tel. No. 8256374 / 252358 Loc. 117/146

Powered by Koha